Kanagawa Cities - Statistics

General Stats
  • This quiz has been taken 8 times
  • The average score is 21 of 29
Answer Stats
Population Answer % Correct
437,155 Fujisawa
100%
172,821 Kamakura
100%
1,539,081 Kawasaki
100%
725,302 Sagamihara
100%
3,778,318 Yokohama
100%
388,504 Yokosuka
100%
223,747 Atsugi
88%
242,603 Chigasaki
88%
188,986 Odawara
88%
56,981 Zushi
88%
136,581 Ebina
75%
11,303 Hakone
75%
258,524 Hiratsuka
75%
42,098 Miura
75%
239,269 Yamato
75%
83,964 Ayase
63%
162,579 Hadano
63%
101,839 Isehara
63%
40,859 Minamiashigara
63%
17,138 Ōi
63%
31,673 Ōiso
63%
48,366 Samukawa
63%
31,627 Hayama
50%
10,840 Matsuda
50%
27,578 Ninomiya
50%
132,180 Zama
50%
39,894 Aikawa
38%
18,333 Kaisei
38%
23,433 Yugawara
38%
No matching quizzes found
Score Distribution
Percent of People with Each Score
Percentile by Number Answered
Your Score History
You have not taken this quiz